000 00697nam a2200229Ia 4500
003 GCL
008 140319s9999 xx 000 0 ara d
040 _aGCL /
_cGCL
082 0 4 _a190
_bد ف
100 1 _aدمنيه، ارنست
245 1 0 _aفن التفكير /
_cدمنيه، ارنست
700 1 _aرشدى السيسى (مترجم)
700 1 _aمصطفى حبيب
260 _aالقاهرة :
_bمؤسسة سجل العرب ،
_c1967
300 _a258 ص ؛
_c24سم
490 _aالالف كتاب
_v648
650 0 4 _aالفلسفة العقلية
650 0 4 _aعلم النفس التربوى
650 0 4 _aالتفكير
650 0 4 _aالعقل
942 _2ddc
_cBK
999 _c36477
_d36477